[Event "Schwarzach op-B 26th"]
[Site "Schwarzach"]
[Date "2011.08.24"]
[Round "5.5"]
[White "Schoepf, Gerhard"]
[Black "Loeffler, Alois"]
[Result "0-1"]
[WhiteElo "1932"]
[BlackElo "2057"]
[PlyCount "86"]
[EventDate "2011.08.20"]
[EventType "swiss"]
[EventRounds "9"]
[EventCountry "AUT"]
[SourceTitle "EXT 2024"]
[Source "ChessBase"]
[SourceDate "2023.10.10"]
[SourceVersion "1"]
[SourceVersionDate "2023.10.10"]
[SourceQuality "1"]

1. d4 c5 2. c3 cxd4 3. cxd4 Nf6 4. Nf3 d5 5. e3 Nc6 6. Bd3 a6 7. Nbd2 Bg4 8. Qb3 b5 9. 0-0 Na5 10. Qd1 e6 11. Re1 Be7 12. e4 Bh5 13. Qe2 Bg6 14. Ne5 0-0 15. Nxg6 hxg6 16. e5 Nd7 17. Qg4 Qb6 18. Re3 Nc6 19. Nf3 Rfc8 20. Bxg6 Nb4 21. Bxf7+ Kxf7 22. Qh5+ Kg8 23. Ng5 Bxg5 24. Qxg5 Qxd4 25. Qh5 Rf8 26. Qe2 Rac8 27. Bd2 Qxb2 28. Rd1 Nc6 29. Rg3 Ncxe5 30. Rxg7+ Kxg7 31. Bh6+ Kxh6 32. Qxb2 Rc4 33. Qa3 Rc6 34. Rd4 Ng6 35. Qe3+ Kg7 36. h4 Nf6 37. Qg5 e5 38. Rb4 Rfc8 39. h5 Nxh5 40. Qxh5 Rc1+ 41. Kh2 Rh8 42. Qxh8+ Nxh8 43. a4 Rc4 0-1